Assassins in Movies Quiz Stats

Quiz Updated Jul 23, 2016

Challenge
Share
Tweet
Score 0/24 Timer 08:00
5 Plays Today
% Correct
Kill Bill
96.6%
The Terminator
93.9%
Pulp Fiction
91.6%
Mr. & Mrs. Smith
89.6%
No Country for Old Men
87%
The Bourne Identity
85%
Kick-Ass
78.1%
Léon: The Professional
64.6%
Road to Perdition
63.9%
In Bruges
59.1%
The Good, the Bad and the Ugly
56.2%
Collateral
54.2%
% Correct
Hitman
53.3%
Looper
50.4%
Wanted
45.8%
Crank
44%
Grosse Pointe Blank
43.4%
The Whole Nine Yards
37.7%
Hanna
36%
La Femme Nikita
29.4%
The American
28.1%
Munich
26.5%
Prizzi's Honor
16.6%
Ghost Dog: The Way of the Samurai
16.5%

You're not logged in!

Compare scores with friends on all Sporcle quizzes.
Sign Up with Email
OR
Log In

You Might Also Like...

Show Comments

Extras

Top Quizzes Today


Score Distribution

Your Account Isn't Verified!

In order to create a playlist on Sporcle, you need to verify the email address you used during registration. Go to your Sporcle Settings to finish the process.